The Divided Welfare State: The Battle over Public and Private Social Benefits in the United States (Record no. 619561)

MARC details
000 -LEADER
fixed length control field 00602nam a2200181 a 4500
008 - FIXED-LENGTH DATA ELEMENTS--GENERAL INFORMATION
fixed length control field 260416s2026##################000#0#eng##
020 ## - INTERNATIONAL STANDARD BOOK NUMBER
ISBN 9780521013284
Paper back/Hardbound pbk
041 ## - LANGUAGE CODE
Language code of text/sound track or separate title eng
082 04 - DEWEY DECIMAL CLASSIFICATION NUMBER
Classification number 361.610973 HAC
100 ## - MAIN ENTRY--AUTHOR NAME
Personal name Hacker , Jacob S.
245 10 - TITLE STATEMENT
Title The Divided Welfare State: The Battle over Public and Private Social Benefits in the United States
Statement of responsibility, etc /Jacob S. Hacker
250 ## - EDITION STATEMENT
Edition statement 1st ed.
260 ## - PUBLICATION, DISTRIBUTION, ETC. (IMPRINT)
Place of publication New York:
Name of publisher ‎Cambridge University Press,
Year of publication 2002
300 ## - PHYSICAL DESCRIPTION
Number of Pages xvi,447p.
Dimensions ;24cm.
650 ## - SUBJECT ADDED ENTRY--TOPICAL TERM
Topical Term Social problems & social welfare in general
942 ## - ADDED ENTRY ELEMENTS (KOHA)
Koha item type English Books
Holdings
Withdrawn status Lost status Damaged status Not for loan Home library Current library Shelving location Date acquired Full call number Accession Number Price effective from Koha item type
        Anna Centenary Library Anna Centenary Library 4TH FLOOR, A WING 16.04.2026 361.610973 HAC 234589 16.04.2026 English Books

Find us on the map